Anak rusa dengan ibunya

Bibliographic Details
Format: Book
Published: Kuala Lumpur : Mind to Mind
Series:12 cerita aesop
Subjects:

MARC

LEADER 00000cam a2200000 7i4500
001 0000001161
005 20151222.0
008 070704
020 |a 9831451228 
090 0 0 |a JF   |b ANM MAL (1233) 
245 0 0 |a Anak rusa dengan ibunya 
260 |a Kuala Lumpur :   |b Mind to Mind 
440 0 |a 12 cerita aesop 
500 |a Children ages 7-9 years old (orange) 
650 0 |a Animal 
650 0 |a Junior preschool   |x Malay   |x Languages 
999 |a 0000957766   |b Book   |c Children Collection   |e Cawangan Tmn. Ungku Tun Aminah 
999 |a 0000957767   |b Book   |c Children Collection   |e Perbadanan Perpustakaan Awam Johor 
999 |a 0000957768   |b Book   |c Children Collection   |e Perbadanan Perpustakaan Awam Johor 
999 |a 0000957769   |b Book   |c Children Collection   |e Perbadanan Perpustakaan Awam Johor 
999 |a 0000957770   |b Book   |c Children Collection   |e Perbadanan Perpustakaan Awam Johor